000 00497nam a2200181 a 4500
001 1574
005 20140414131943.0
008 010904s19uu xx 00 eng d
020 _a1-85758-102-4
050 _aTR 372.7
_bR685 1990
100 _aRodda, George
245 _aBack to basics, bk. 1 :
_cGeorge Rodda.
_bmaths, for 10-11 year olds /
260 _aLondon :
_bLetts Educational,
_c1990.
300 _a32 p. : ill. ; cm.
440 _aLetts
650 _aMathematics.
999 _c112635
_d112635